The music room / (Record no. 174549)

000 -LEADER
fixed length control field 00998cam a22003257a 4500
001 - CONTROL NUMBER
control field 15105375
003 - CONTROL NUMBER IDENTIFIER
control field Nust
005 - DATE AND TIME OF LATEST TRANSACTION
control field 20220830122606.0
008 - FIXED-LENGTH DATA ELEMENTS--GENERAL INFORMATION
fixed length control field 070929s2007 ii a 000 1 eng
010 ## - LIBRARY OF CONGRESS CONTROL NUMBER
LC control number 2007375922
020 ## - INTERNATIONAL STANDARD BOOK NUMBER
International Standard Book Number 9788184000542
Terms of availability Rs. 514
025 ## - OVERSEAS ACQUISITION NUMBER
Overseas acquisition number I-E-2007-375922; 16
035 ## - SYSTEM CONTROL NUMBER
System control number (IN-NdUBS)UBS07002635
037 ## - SOURCE OF ACQUISITION
Source of stock number/acquisition Library of Congress -- New Delhi Overseas Office
Terms of availability Rs395.00
038 ## - RECORD CONTENT LICENSOR
Staff Name Arshad
040 ## - CATALOGING SOURCE
Original cataloging agency DLC
Transcribing agency DLC
042 ## - AUTHENTICATION CODE
Authentication code lcode
082 ## - DEWEY DECIMAL CLASSIFICATION NUMBER
Classification number 823
Author Mark DEV
100 1# - MAIN ENTRY--PERSONAL NAME
Personal name Devidayal, Namita,
Dates associated with a name 1968-
9 (RLIN) 12193
245 14 - TITLE STATEMENT
Title The music room /
Statement of responsibility, etc. Namita Devidayal.
260 ## - PUBLICATION, DISTRIBUTION, ETC.
Place of publication, distribution, etc. New Delhi :
Name of publisher, distributor, etc. Random House India,
Date of publication, distribution, etc. 2007.
300 ## - PHYSICAL DESCRIPTION
Extent 310 p. :
Dimensions 22 cm.
500 ## - GENERAL NOTE
General note Novel.
520 ## - SUMMARY, ETC.
Summary, etc. Based on the story of a young Hindustani classical musician and singer.
650 ## - SUBJECT ADDED ENTRY--TOPICAL TERM
Topical term or geographic name entry element Indic fiction (English)
9 (RLIN) 12194
650 ## - SUBJECT ADDED ENTRY--TOPICAL TERM
Topical term or geographic name entry element Hindustani music
9 (RLIN) 12195
906 ## - LOCAL DATA ELEMENT F, LDF (RLIN)
a 7
b ibc
c origode
d 4
e ncip
f 20
g y-gencatlg
942 ## - ADDED ENTRY ELEMENTS (KOHA)
Source of classification or shelving scheme
Koha item type Book
Holdings
Withdrawn status Lost status Source of classification or shelving scheme Damaged status Not for loan Collection code Permanent Location Current Location Shelving location Date acquired Total Checkouts Total Renewals Full call number Barcode Date last seen Date last checked out Copy number Price effective from Koha item type
            Central Library (CL) Central Library (CL) Fiction 01/31/2017 3 1 823 DEV CL314 03/18/2022 02/14/2022 1 01/31/2017 Book
© 2023 Central Library, National University of Sciences and Technology. All Rights Reserved.